| 000 | 00000nam 2200000za 4500 |
| 001 | 9.817061 |
| 003 | CaOODSP |
| 005 | 20221107142405 |
| 007 | cr ||||||||||| |
| 008 | 160506s2012 xxc |o f|0| 0 fre d |
| 040 | |aCaOODSP|bfre |
| 043 | |an-cn--- |
| 086 | 1 |aPE2-17/2012F-PDF |
| 110 | 1 |aCanada.|bTribunal de la protection des fonctionnaires divulgateurs Canada. |
| 245 | 10|aÉnoncé sur le recueil conjoint des documents |h[ressource électronique]. |
| 260 | |a[Ottawa] : |bTribunal de la protection des fonctionnaires divulgateurs Canada, |c2012. |
| 300 | |a5 p. : |btableau. |
| 500 | |aJuillet 2012. |
| 500 | |aPubli. aussi en anglais sous le titre : Statement on joint book of documents. |
| 692 | 07|2gccst|aMéthodologie |
| 775 | 08|tStatement on joint book of documents |w(CaOODSP)9.817057 |
| 856 | 40|qPDF|s358 Ko|uhttps://publications.gc.ca/collections/collection_2016/tpfdc-psdptc/PE2-17-2012-fra.pdf |